01086nam a22002175i 4500001000700000003000900007005001700016008004100033080001000074245007400084260021300158300002100371490006600392546002400458650002700482710010400509830007400613852003900687999001900726952012300745176721ES-MaACL20230906220152.0110203s1959 fr |||| | fre d a631.800aOptimum économique de l'utilisation des engrais b: projet nº 393. a[Paris] : bAgence Européenne de Productivité, Division de l'action technique et de la productivité dans l'agriculture et l'alimentation, Organisation Européenne de Coopération Économique, c1959. a94 p. ; c27 cm.1 aAlimentation et agriculture documentation. Série 1959 ; v2 aTexto en francés. 4aFertilizantes.91361050 aOrganización de Cooperación y Desarrollo Económico. bAgencia Europea de Productividad.960560 aAlimentation et agriculture documentation. Série 1959 ; v29190202 aES-MaACLjE-14180 xOlim P-969-bis c176721d176721 00104070aATENEOMbATENEOMcDEPO2d2011-02-03eDONl0oE-14180p1185613r2023-02-23 00:00:00w2023-02-23yMONOGRAFIA